000 01092 a2200205 4500
001 22961
005 20260407155519.0
008 260407a1964 arg spa d
003 AR-UNSa-BCEJYS
040 _aAR-UNSa-BCEJYS
_bspa
_cAR-UNSa-BCEJYS
080 _a512
_xAlgebra
245 1 0 _aAlgebra
264 1 _aMéxico :
_bLimusa-Wiley
_c1964
300 _axiii, 446 p.
_c23 cm.
505 _a1. Conceptos fundamentales - 2. Operaciones algebraicas - 3. Concepto de función - 4. La función lineal - 5. La función cuadrática - 6. Desigualdades e inecuaciones - 7. Inducción matemática. Teorema del binomio - 8. Números complejos - 9. Variación de funciones - 10. Progresiones - 11. Teoría de las ecuaciones - 12. Fracciones parciales - 13. Permutaciones y combinaciones - 14. Probabilidad - 15. Determinantes - 16. Logaritmos - 17. Interés y anualidades
942 _cBK
590 _aniveau_biblio:m niveau_hierar:0
100 1 _aLehmann, Charles H.
856 4 1 _uhttps://biblioeco.unsa.edu.ar/pmb/images/libros/Algebra Lehmann, Charles H. (1964).jpg
_yImagen de portada
_qimage/jpeg
999 _c1072
_d1072